Vývoj nových prístupov pre odhad stavu náboja li-ión batérie pomocou frekvenčných meraní

Guardado en:
Detalles Bibliográficos
Autor principal: Baga, Erik (Autor)
Otros Autores: Mikolášek, Miroslav (Orientador)
Formato: Manuscrito Libro
Lenguaje:eslovaco
Publicado: Bratislava : STU v Bratislave FEI, 2023
Materias:
Acceso en línea:https://opac.crzp.sk/?fn=detailBiblioFormChildOMOTK&sid=925BFB95FAA30F229F95C6019F0C&seo=CRZP-detail-kniha
Etiquetas: Agregar Etiqueta
Sin Etiquetas, Sea el primero en etiquetar este registro!

MARC

LEADER 00000ntm a22000003a 4500
001 stuzp91919
003 SK-STU
005 20241114131018.9
007 ta
008 150427s2015----xo-----f-mn---000-0-slo-d
040 |a STU  |b slo 
041 0 |a slo 
044 |a xo 
100 1 |a Baga, Erik  |u 033000  |4 aut  |U FEI Fakulta elektrotechniky a informatiky  |T FEI Ústav elektroniky a fotoniky  |X 111061  |U E030  |Y 549  |7 111061 
242 0 1 |a Development of new approaches for estimating the state of charge of li-ion batteries using frequency measurements  |y eng 
245 1 0 |a Vývoj nových prístupov pre odhad stavu náboja li-ión batérie pomocou frekvenčných meraní 
260 |a Bratislava :  |b STU v Bratislave FEI,  |c 2023 
300 |a 51 s. 
650 4 |a stav nabita batérie  |2 slo 
650 4 |a Li-ión batéria  |2 slo 
650 4 |a EIS  |2 slo 
650 4 |a Li-ion battery  |2 eng 
650 4 |a EIS  |2 eng 
650 4 |a state of charge  |2 eng 
700 1 |a Mikolášek, Miroslav  |u 033000  |k Z1  |4 ths  |U FEI Fakulta elektrotechniky a informatiky  |T FEI Ústav elektroniky a fotoniky  |X 27049  |U E030  |Y 549  |7 A000027049 
856 4 |u https://opac.crzp.sk/?fn=detailBiblioFormChildOMOTK&sid=925BFB95FAA30F229F95C6019F0C&seo=CRZP-detail-kniha